000 00754nam a2200253Ia 4500
003 OSt
005 20220928132907.0
006 a|||||r|||| 00| 0
007 ta
008 220927b |||||||| |||| 00| 0 eng d
024 _a62334
037 _cTextual
040 _aSDCL
_cSDCL
_beng
041 _2eng
_aeng
082 _aN2jN17, M7.1-.2
100 _aShastri A M Ed.
_9483417
245 0 _aVajapeva
_b Essays on evolution of Indian art and culture
260 _aDelhi
_bAgam Kala Prakashan
_c1987
490 _vV1:190p
700 _a Prasad Agam Ed.
_9483418
700 _a Sharma R K Ed.
_9395007
942 _hN2jN17, M7.1-.2
_cTEXL
_2CC
999 _c796397
_d796397